[Event "Titled Tuesday intern op 06th Sep Early"]
[Site "Chess.com INT"]
[Date "2022.09.06"]
[Round "1"]
[White "Blomqvist, Erik"]
[Black "Vidonyak, Roman"]
[Result "1-0"]
[WhiteElo "2523"]
[BlackElo "2442"]
[PlyCount "45"]
[EventDate "2022.09.06"]
[EventType "swiss (blitz)"]
[EventRounds "11"]
[EventCountry "USA"]
[SourceTitle "EXT 2023"]
[Source "ChessBase"]
[SourceDate "2022.10.05"]
[SourceVersion "1"]
[SourceVersionDate "2022.10.05"]
[SourceQuality "1"]

1. e4 c5 2. Nf3 d6 3. d4 cxd4 4. Nxd4 Nf6 5. Nc3 a6 6. Bc4 e6 7. Be3 Be7 8. Bb3 Nbd7 9. Bxe6 fxe6 10. Nxe6 Qa5 11. Nxg7+ Kf7 12. Nf5 Qb4 13. 0-0 Ne5 14. Nd5 Nxd5 15. Qxd5+ Be6 16. Nh6+ Kf6 17. Bg5+ Kxg5 18. Qxe6 Bf6 19. f4+ Kxh6 20. fxe5 Qd4+ 21. Kh1 Raf8 22. Rxf6+ Kg7 23. Qg4# 1-0

[Event "Titled Tuesday intern op 06th Sep Early"]
[Site "Chess.com INT"]
[Date "2022.09.06"]
[Round "2"]
[White "Vidonyak, Roman"]
[Black "Przybylski, Wojciech"]
[Result "0-1"]
[WhiteElo "2442"]
[BlackElo "2321"]
[PlyCount "90"]
[EventDate "2022.09.06"]
[EventType "swiss (blitz)"]
[EventRounds "11"]
[EventCountry "USA"]
[SourceTitle "EXT 2023"]
[Source "ChessBase"]
[SourceDate "2022.10.05"]
[SourceVersion "1"]
[SourceVersionDate "2022.10.05"]
[SourceQuality "1"]

1. d4 d5 2. c4 c6 3. Nf3 Nf6 4. Nc3 e6 5. g3 Nbd7 6. Bg2 Bb4 7. 0-0 0-0 8. a3 Bd6 9. e3 b6 10. b4 a5 11. b5 Bb7 12. Bb2 Rc8 13. Rc1 Qe7 14. a4 Bb4 15. bxc6 Bxc6 16. Nb5 dxc4 17. Rxc4 Bxf3 18. Rxc8 Bxd1 19. Rxf8+ Nxf8 20. Rxd1 h6 21. Rc1 Ne8 22. e4 Nd6 23. Rc7 Qd8 24. Rc6 Nxb5 25. axb5 a4 26. d5 a3 27. Ba1 Bc5 28. Kf1 exd5 29. exd5 Nd7 30. Bh3 Kh7 31. Bf5+ g6 32. Bh3 a2 33. Kg2 h5 34. Kf1 f5 35. Re6 Nf8 36. Re5 Bd6 37. Re6 Qd7 38. Re3 Qxb5+ 39. Kg2 Qxd5+ 40. Kf1 Bc5 41. Re1 Qd3+ 42. Kg1 Qd2 43. Rf1 Bd4 44. Bg2 Bxa1 45. Rxa1 Qb2 0-1

[Event "Titled Tuesday intern op 16th Aug Early"]
[Site "Chess.com INT"]
[Date "2022.08.16"]
[Round "6"]
[White "Vidonyak, Roman"]
[Black "Kovacevic, Radmila"]
[Result "1/2-1/2"]
[WhiteElo "2442"]
[BlackElo "2113"]
[PlyCount "75"]
[EventDate "2022.08.16"]
[EventType "swiss (blitz)"]
[EventRounds "11"]
[EventCountry "USA"]
[SourceTitle "EXT 2023"]
[Source "ChessBase"]
[SourceDate "2022.10.05"]
[SourceVersion "1"]
[SourceVersionDate "2022.10.05"]
[SourceQuality "1"]

1. d4 e5 2. dxe5 Nc6 3. e3 Nxe5 4. Nh3 d5 5. Nf4 Nf6 6. Nc3 c6 7. Be2 Bf5 8. 0-0 Bd6 9. b3 g5 10. Nd3 Neg4 11. g3 h5 12. f3 Nxh2 13. Kxh2 h4 14. f4 hxg3+ 15. Kxg3 Ne4+ 16. Nxe4 dxe4 17. Ne5 gxf4+ 18. Kxf4 Qf6 19. Bb2 Bh7+ 20. Kg3 Rg8+ 21. Bg4 Bxe5+ 22. Bxe5 Qxe5+ 23. Kg2 f5 24. Rf4 Rxg4+ 25. Rxg4 fxg4 26. Qxg4 Qxa1 27. Qh5+ Kd8 28. Qxh7 Qf6 29. Qg8+ Kc7 30. Qxa8 Qf3+ 31. Kh2 Qxe3 32. Qf8 Qf3 33. Qe7+ Kb6 34. Qb4+ Kc7 35. Qe7+ Kb6 36. Qb4+ Ka6 37. Qa4+ Kb6 38. Qb4+ 1/2-1/2

[Event "Titled Tuesday intern op 26th Jul Late"]
[Site "Chess.com INT"]
[Date "2022.07.26"]
[Round "6"]
[White "Buchenau, Frank"]
[Black "Vidonyak, Roman"]
[Result "1-0"]
[WhiteElo "2277"]
[BlackElo "2442"]
[PlyCount "67"]
[EventDate "2022.07.26"]
[EventType "swiss (blitz)"]
[EventRounds "11"]
[EventCountry "USA"]
[SourceTitle "EXT 2023"]
[Source "ChessBase"]
[SourceDate "2022.10.05"]
[SourceVersion "1"]
[SourceVersionDate "2022.10.05"]
[SourceQuality "1"]

1. e4 c5 2. Nf3 d6 3. Bb5+ Nd7 4. 0-0 a6 5. Bd3 Ngf6 6. Re1 e6 7. c3 b5 8. Bc2 c4 9. b4 Bb7 10. a4 Be7 11. Na3 Qb6 12. d4 cxd3 13. Bxd3 bxa4 14. Qxa4 0-0 15. Be3 Qc7 16. Bd2 Rfc8 17. Nc4 Nb6 18. Nxb6 Qxb6 19. c4 d5 20. exd5 exd5 21. Rxe7 dxc4 22. Bf5 Rd8 23. Be3 Qd6 24. Bc5 Qf4 25. Nd4 Rxd4 26. Bxd4 Qxd4 27. Rd1 Qf4 28. Bh3 h6 29. Rxb7 Ne4 30. Qc2 Re8 31. Rbd7 c3 32. Rd8 Qe5 33. Rxe8+ Qxe8 34. Re1 1-0

[Event "Titled Tuesday intern op 26th Jul Late"]
[Site "Chess.com INT"]
[Date "2022.07.26"]
[Round "4"]
[White "Tinmaz, Kerem"]
[Black "Vidonyak, Roman"]
[Result "1-0"]
[WhiteElo "2325"]
[BlackElo "2442"]
[PlyCount "105"]
[EventDate "2022.07.26"]
[EventType "swiss (blitz)"]
[EventRounds "11"]
[EventCountry "USA"]
[SourceTitle "EXT 2023"]
[Source "ChessBase"]
[SourceDate "2022.10.05"]
[SourceVersion "1"]
[SourceVersionDate "2022.10.05"]
[SourceQuality "1"]

1. e4 c5 2. Nc3 d6 3. d4 cxd4 4. Qxd4 Nc6 5. Qd2 g6 6. b3 Bh6 7. f4 Nf6 8. Bb2 0-0 9. 0-0-0 e5 10. g3 Nd4 11. Nge2 Bg4 12. Nxd4 exd4 13. Qxd4 Bxd1 14. Kxd1 Bg7 15. Bc4 Re8 16. Re1 Nxe4 17. Bxf7+ Kh8 18. Nxe4 Bxd4 19. Bxd4+ Re5 20. Kc1 Qa5 21. Rd1 Qa3+ 22. Kb1 Kg7 23. Nxd6 Qxd6 24. Bxe5+ Qxe5 25. fxe5 Kxf7 26. Rd7+ Ke6 27. Rxb7 h6 28. Rg7 Kxe5 29. Rxg6 Rh8 30. h4 Ke4 31. g4 Kf4 32. g5 hxg5 33. hxg5 Ke3 34. Kb2 Kf4 35. Rg7 Kf5 36. Rxa7 Kxg5 37. a4 Kf5 38. a5 Ke5 39. b4 Kd5 40. Kb3 Rh3+ 41. Ka4 Kc6 42. c4 Rh1 43. b5+ Kc5 44. Rc7+ Kd6 45. Rc6+ Kd7 46. Rg6 Ra1+ 47. Kb4 Kc7 48. a6 Rb1+ 49. Kc5 Rf1 50. Rg7+ Kc8 51. a7 Rf5+ 52. Kb6 Rf6+ 53. Ka5 1-0

[Event "Titled Tuesday intern op 26th Jul Late"]
[Site "Chess.com INT"]
[Date "2022.07.26"]
[Round "2"]
[White "Vidonyak, Roman"]
[Black "Kilpatrick, Callum"]
[Result "1/2-1/2"]
[WhiteElo "2442"]
[BlackElo "2413"]
[PlyCount "139"]
[EventDate "2022.07.26"]
[EventType "swiss (blitz)"]
[EventRounds "11"]
[EventCountry "USA"]
[SourceTitle "EXT 2023"]
[Source "ChessBase"]
[SourceDate "2022.10.05"]
[SourceVersion "1"]
[SourceVersionDate "2022.10.05"]
[SourceQuality "1"]

1. d4 Nf6 2. c4 e6 3. Nc3 Bb4 4. f3 d5 5. a3 Bxc3+ 6. bxc3 0-0 7. cxd5 Nxd5 8. e4 Nxc3 9. Qd3 Na4 10. Be3 c5 11. d5 exd5 12. exd5 Qa5+ 13. Kf2 Nd7 14. Nh3 Ne5 15. Qc2 Bxh3 16. gxh3 Qc3 17. Qxc3 Nxc3 18. Rc1 Nxd5 19. Bxc5 Rfc8 20. Be3 Nxe3 21. Rxc8+ Rxc8 22. Kxe3 Rc1 23. Bg2 Rxh1 24. Bxh1 Nc4+ 25. Kd4 Nxa3 26. f4 b5 27. Kc5 a5 28. Bd5 b4 29. Bb3 Kf8 30. Kb6 Nb1 31. Kxa5 Nd2 32. Kxb4 Nxb3 33. Kxb3 Ke8 34. Kc4 Ke7 35. Kd5 Kf6 36. Ke4 Ke6 37. f5+ Kf6 38. Kf4 g6 39. fxg6 hxg6 40. h4 Kg7 41. Kg4 Kh6 42. Kf4 Kh5 43. Kg3 f6 44. Kh3 f5 45. Kg3 Kh6 46. Kf4 Kh5 47. Kg3 Kh6 48. Kf4 Kg7 49. Kg5 Kh7 50. h5 gxh5 51. Kxf5 Kh6 52. Kf6 h4 53. Kf5 Kh5 54. Kf4 h3 55. Kg3 Kg5 56. Kxh3 Kh5 57. Kg3 Kg5 58. h4+ Kh5 59. Kh3 Kh6 60. Kg3 Kg6 61. Kh3 Kh6 62. Kg4 Kg6 63. h5+ Kh6 64. Kh4 Kh7 65. Kg4 Kg7 66. Kg5 Kh7 67. h6 Kh8 68. Kh5 Kg8 69. Kg6 Kh8 70. h7 1/2-1/2

[Event "Titled Tuesday intern op 05th Jul Late"]
[Site "Chess.com INT"]
[Date "2022.07.05"]
[Round "5"]
[White "Derraugh, Geordie"]
[Black "Vidonyak, Roman"]
[Result "1-0"]
[WhiteElo "2182"]
[BlackElo "2442"]
[PlyCount "53"]
[EventDate "2022.07.05"]
[EventType "swiss (blitz)"]
[EventRounds "11"]
[EventCountry "USA"]
[SourceTitle "CBM 209 Extra"]
[Source "ChessBase"]
[SourceDate "2022.09.30"]
[SourceVersion "1"]
[SourceVersionDate "2022.09.30"]
[SourceQuality "1"]

1. e4 c5 2. Nf3 d6 3. Bb5+ Nd7 4. d4 cxd4 5. Qxd4 a6 6. Bxd7+ Qxd7 7. 0-0 e5 8. Qd3 Qc6 9. c4 Be6 10. b3 b5 11. cxb5 Qxb5 12. Qxb5+ axb5 13. Nc3 b4 14. Nb5 Kd7 15. Be3 Rb8 16. Na7 Nf6 17. Rfd1 Kc7 18. Rac1+ Kb7 19. Nc6 Rc8 20. Nxb4 Nxe4 21. Rxc8 Bxc8 22. Nd5 Be6 23. a4 Bxd5 24. Rxd5 Be7 25. Nxe5 dxe5 26. Rxe5 Rc8 27. Rxe7+ 1-0

[Event "Titled Tuesday intern op 05th Jul Early"]
[Site "Chess.com INT"]
[Date "2022.07.05"]
[Round "2"]
[White "Tatarinov, Dmitry"]
[Black "Vidonyak, Roman"]
[Result "1-0"]
[WhiteElo "2314"]
[BlackElo "2442"]
[PlyCount "41"]
[EventDate "2022.07.05"]
[EventType "swiss (blitz)"]
[EventRounds "11"]
[EventCountry "USA"]
[SourceTitle "CBM 209 Extra"]
[Source "ChessBase"]
[SourceDate "2022.09.30"]
[SourceVersion "1"]
[SourceVersionDate "2022.09.30"]
[SourceQuality "1"]

1. e4 c5 2. Nf3 d6 3. d4 cxd4 4. Qxd4 Nf6 5. e5 Nc6 6. Bb5 Qa5+ 7. Nc3 Qxb5 8. Nxb5 Nxd4 9. Nfxd4 dxe5 10. Nc7+ Kd7 11. Nxa8 exd4 12. Bf4 e5 13. Bxe5 Bc5 14. 0-0-0 Re8 15. Bxd4 Bxd4 16. Rxd4+ Kc6 17. Rc4+ Kb5 18. b3 Be6 19. Nc7+ Kb6 20. Nxe8 Bxc4 21. Nxf6 1-0

[Event "Titled Tuesday intern op 05th Jul Early"]
[Site "Chess.com INT"]
[Date "2022.07.05"]
[Round "10"]
[White "Vidonyak, Roman"]
[Black "Alinasab, Mobina"]
[Result "0-1"]
[WhiteElo "2442"]
[BlackElo "2364"]
[PlyCount "92"]
[EventDate "2022.07.05"]
[EventType "swiss (blitz)"]
[EventRounds "11"]
[EventCountry "USA"]
[SourceTitle "CBM 209 Extra"]
[Source "ChessBase"]
[SourceDate "2022.09.30"]
[SourceVersion "1"]
[SourceVersionDate "2022.09.30"]
[SourceQuality "1"]

1. d4 Nf6 2. c4 e6 3. Nc3 Bb4 4. e3 b6 5. Nge2 Ne4 6. Qc2 Bb7 7. a3 Bxc3+ 8. Nxc3 Nxc3 9. Qxc3 Qh4 10. b4 a5 11. b5 d6 12. Bb2 Nd7 13. Rc1 0-0 14. d5 e5 15. Be2 Nc5 16. 0-0 Na4 17. Qd2 Nxb2 18. Qxb2 Bc8 19. g3 Qh6 20. f4 Bh3 21. Rf2 Rae8 22. Bd3 exf4 23. exf4 Re3 24. Qd2 Rfe8 25. Re2 Rxe2 26. Bxe2 Qf6 27. Bf3 Qe7 28. Kf2 Qf6 29. Re1 Rxe1 30. Qxe1 Bd7 31. Qd2 Kf8 32. Bg2 g6 33. Kg1 Qa1+ 34. Kf2 Qxa3 35. Qe2 Qc5+ 36. Kf1 Qd4 37. g4 a4 38. f5 gxf5 39. gxf5 Bxf5 40. Qh5 Bd3+ 41. Ke1 Qe4+ 42. Kd1 Qe3 43. Qg4 Bg6 44. Qc8+ Kg7 45. Qg4 a3 46. h4 a2 0-1

[Event "Titled Tuesday intern op 05th Jul Early"]
[Site "Chess.com INT"]
[Date "2022.07.05"]
[Round "6"]
[White "Vidonyak, Roman"]
[Black "Rosenberg, Evan"]
[Result "0-1"]
[WhiteElo "2442"]
[BlackElo "2016"]
[PlyCount "50"]
[EventDate "2022.07.05"]
[EventType "swiss (blitz)"]
[EventRounds "11"]
[EventCountry "USA"]
[SourceTitle "CBM 209 Extra"]
[Source "ChessBase"]
[SourceDate "2022.09.30"]
[SourceVersion "1"]
[SourceVersionDate "2022.09.30"]
[SourceQuality "1"]

1. d4 Nf6 2. c4 e6 3. Nc3 Bb4 4. e3 0-0 5. Bd2 d5 6. Nf3 b6 7. cxd5 exd5 8. Rc1 Bb7 9. Bd3 Nbd7 10. Ne5 c6 11. f4 Bd6 12. 0-0 Re8 13. Be1 Rc8 14. Bh4 Be7 15. Qf3 c5 16. Bf5 cxd4 17. exd4 Rc7 18. Nxd7 Nxd7 19. Bxe7 Qxe7 20. Nxd5 Bxd5 21. Qh3 Nf6 22. Rxc7 Qxc7 23. g4 Re2 24. Rd1 Qxf4 25. Rf1 Qxd4+ 0-1

[Event "Titled Tuesday intern op 05th Jul Early"]
[Site "Chess.com INT"]
[Date "2022.07.05"]
[Round "4"]
[White "Vidonyak, Roman"]
[Black "Ziatdinov, Raset"]
[Result "1-0"]
[WhiteElo "2442"]
[BlackElo "2099"]
[PlyCount "61"]
[EventDate "2022.07.05"]
[EventType "swiss (blitz)"]
[EventRounds "11"]
[EventCountry "USA"]
[SourceTitle "CBM 209 Extra"]
[Source "ChessBase"]
[SourceDate "2022.09.30"]
[SourceVersion "1"]
[SourceVersionDate "2022.09.30"]
[SourceQuality "1"]

1. d4 Nf6 2. c4 g6 3. h4 Bg7 4. Nc3 h5 5. e4 d6 6. Be2 0-0 7. Bg5 Nc6 8. Qd2 Nd7 9. Nf3 a5 10. Bh6 e5 11. Bg5 Bf6 12. d5 Nd4 13. Bxf6 Nxf3+ 14. Bxf3 Qxf6 15. 0-0-0 Nc5 16. Kb1 a4 17. Qe3 Qf4 18. Qe2 Ra6 19. g3 Qf6 20. g4 Bxg4 21. Bxg4 hxg4 22. Qxg4 Qxf2 23. h5 Rb6 24. Ne2 a3 25. hxg6 Rxb2+ 26. Ka1 f5 27. Qh5 Kg7 28. Qh6+ Kf6 29. g7+ Ke7 30. gxf8Q+ Kd7 31. Qhg7# 1-0

[Event "Titled Tuesday intern op 28th Jun Early"]
[Site "Chess.com INT"]
[Date "2022.06.28"]
[Round "7"]
[White "Bringas Gomez, Artai"]
[Black "Vidonyak, Roman"]
[Result "1-0"]
[WhiteElo "2203"]
[BlackElo "2442"]
[PlyCount "73"]
[EventDate "2022.06.28"]
[EventType "swiss (blitz)"]
[EventRounds "11"]
[EventCountry "USA"]
[SourceTitle "CBM 209 Extra"]
[Source "ChessBase"]
[SourceDate "2022.09.30"]
[SourceVersion "1"]
[SourceVersionDate "2022.09.30"]
[SourceQuality "1"]

1. e4 c5 2. Nf3 d6 3. d4 cxd4 4. Nxd4 Nf6 5. Nc3 a6 6. h3 e5 7. Nb3 Be6 8. g4 h6 9. Bg2 Be7 10. Be3 Nbd7 11. Qd2 0-0 12. 0-0-0 a5 13. Kb1 Nb6 14. Bf1 a4 15. Nc1 d5 16. Bxb6 Qxb6 17. exd5 Ba3 18. Bb5 Nxd5 19. Nxd5 Qxb5 20. c4 Qxc4 21. bxa3 Qe4+ 22. Ka1 b5 23. Nc3 Qc6 24. Nd3 Rfc8 25. Rc1 Qc4 26. Nxe5 Qc5 27. Qe3 Qe7 28. f4 Qxa3 29. Nd5 Rxc1+ 30. Rxc1 Qf8 31. Nc7 Rc8 32. Nxe6 fxe6 33. Nc6 Re8 34. Kb2 Qf6+ 35. Qe5 Qf7 36. a3 Qb7 37. f5 1-0

[Event "Titled Tuesday intern op 28th Jun Late"]
[Site "Chess.com INT"]
[Date "2022.06.28"]
[Round "1"]
[White "Vidonyak, Roman"]
[Black "Chernobay, Artem"]
[Result "0-1"]
[WhiteElo "2442"]
[BlackElo "2484"]
[PlyCount "44"]
[EventDate "2022.06.28"]
[EventType "swiss (blitz)"]
[EventRounds "11"]
[EventCountry "USA"]
[SourceTitle "CBM 209 Extra"]
[Source "ChessBase"]
[SourceDate "2022.09.30"]
[SourceVersion "1"]
[SourceVersionDate "2022.09.30"]
[SourceQuality "1"]

1. d4 Nf6 2. c4 g6 3. h4 Bg7 4. Nc3 d6 5. e4 0-0 6. Be2 c5 7. d5 e6 8. h5 exd5 9. exd5 a6 10. h6 Bh8 11. a4 Re8 12. Kf1 Ne4 13. Nxe4 Rxe4 14. Bd3 Re8 15. Nf3 Nd7 16. Bg5 Qb6 17. b3 Ne5 18. Nxe5 dxe5 19. a5 Qd6 20. Qc2 Bd7 21. g3 e4 22. Be2 Bxa1 0-1

[Event "Titled Tuesday intern op 28th Jun Early"]
[Site "Chess.com INT"]
[Date "2022.06.28"]
[Round "3"]
[White "Vidonyak, Roman"]
[Black "Maiorov, Nikita"]
[Result "1/2-1/2"]
[WhiteElo "2442"]
[BlackElo "2474"]
[PlyCount "187"]
[EventDate "2022.06.28"]
[EventType "swiss (blitz)"]
[EventRounds "11"]
[EventCountry "USA"]
[SourceTitle "CBM 209 Extra"]
[Source "ChessBase"]
[SourceDate "2022.09.30"]
[SourceVersion "1"]
[SourceVersionDate "2022.09.30"]
[SourceQuality "1"]

1. d4 Nf6 2. c4 e6 3. Nc3 d5 4. cxd5 exd5 5. Bg5 c6 6. e3 Be7 7. Bd3 Nbd7 8. Nge2 Nf8 9. Qc2 Ne6 10. Bh4 g6 11. 0-0 0-0 12. f3 b6 13. Nf4 Ng7 14. Rae1 Nf5 15. Bf2 Bd6 16. g4 Nxd4 17. exd4 Bxf4 18. Ne2 Bd6 19. Qxc6 Rb8 20. Qc2 Bxg4 21. fxg4 Nxg4 22. Bg3 Ne3 23. Qd2 Nxf1 24. Rxf1 Bxg3 25. Nxg3 Qh4 26. Qf2 Rbe8 27. Bb5 Re6 28. Bd7 Re7 29. Bc6 Rd8 30. Kh1 Rd6 31. Bb5 f5 32. Bd3 Kh8 33. Rc1 Rd8 34. Rf1 Rde8 35. Bb5 Rc8 36. Ba6 Rcc7 37. Bd3 Re6 38. a3 Rec6 39. Qe3 Qe7 40. Qd2 Re6 41. Qf2 Re3 42. Bb1 Re6 43. Qf4 Qd6 44. Qf2 Rf7 45. Ba2 f4 46. Ne2 Qe7 47. Nc3 Re3 48. Nxd5 Qe4+ 49. Qg2 f3 50. Qf2 Re2 51. Qg3 Rg2 52. Qb8+ Kg7 53. Qe5+ Qxe5 54. dxe5 Rxb2 55. Bc4 Rc2 56. e6 Rf8 57. e7 Re8 58. Bb5 Kf7 59. Bxe8+ Kxe8 60. Nf4 f2 61. Kg2 Kxe7 62. Rxf2 Rc4 63. Re2+ Kf7 64. Nd3 Rc3 65. Ne5+ Kg7 66. Ng4 Rxa3 67. Re7+ Kf8 68. Rxh7 a5 69. Ra7 a4 70. Ne5 g5 71. Ng6+ Ke8 72. Ne5 b5 73. Nc6 Ra2+ 74. Kg3 a3 75. Nb4 Ra1 76. Ra5 Rb1 77. Rxb5 a2 78. Ra5 Rb3+ 79. Kg4 Rxb4+ 80. Kxg5 Rb2 81. h4 Rg2+ 82. Kh5 Kf8 83. Kh6 Ke8 84. h5 Kd7 85. Kh7 Kc7 86. h6 Kb6 87. Ra8 Kb7 88. Ra3 Kb6 89. Kh8 Kb7 90. h7 Kb6 91. Ra8 Kb7 92. Ra3 Kb6 93. Ra8 Kb7 94. Ra3 1/2-1/2

[Event "Titled Tuesday intern op 28th Jun Late"]
[Site "Chess.com INT"]
[Date "2022.06.28"]
[Round "2"]
[White "Vidonyak, Roman"]
[Black "Nozdrachev, Leonid"]
[Result "0-1"]
[WhiteElo "2442"]
[BlackElo "2367"]
[PlyCount "60"]
[EventDate "2022.06.28"]
[EventType "swiss (blitz)"]
[EventRounds "11"]
[EventCountry "USA"]
[SourceTitle "CBM 209 Extra"]
[Source "ChessBase"]
[SourceDate "2022.09.30"]
[SourceVersion "1"]
[SourceVersionDate "2022.09.30"]
[SourceQuality "1"]

1. d4 d5 2. c4 c6 3. Nf3 e6 4. Nc3 dxc4 5. a4 Bb4 6. e3 b5 7. Ne5 Nf6 8. Bd2 0-0 9. Be2 Bb7 10. 0-0 Nbd7 11. Bf3 Bxc3 12. Bxc3 Nxe5 13. dxe5 Qxd1 14. Rfxd1 Nd5 15. Bd4 a6 16. Bc5 Rfd8 17. e4 Nf4 18. Rd6 Nd3 19. Bb6 Rdb8 20. Bd4 c5 21. Be3 Nxb2 22. Bxc5 Nxa4 23. Bb4 a5 24. Bd2 c3 25. Be3 Rc8 26. Rd7 Bc6 27. Rd6 b4 28. Bd1 Nb2 29. Bc2 a4 30. Bc1 b3 0-1

[Event "Titled Tuesday intern op 28th Jun Early"]
[Site "Chess.com INT"]
[Date "2022.06.28"]
[Round "1"]
[White "Vidonyak, Roman"]
[Black "Pinheiro, Iung Alicio"]
[Result "0-1"]
[WhiteElo "2442"]
[BlackElo "2320"]
[PlyCount "108"]
[EventDate "2022.06.28"]
[EventType "swiss (blitz)"]
[EventRounds "11"]
[EventCountry "USA"]
[SourceTitle "CBM 209 Extra"]
[Source "ChessBase"]
[SourceDate "2022.09.30"]
[SourceVersion "1"]
[SourceVersionDate "2022.09.30"]
[SourceQuality "1"]

1. d4 d5 2. c4 c6 3. Nf3 Nf6 4. Nc3 g6 5. e3 Bg7 6. Bd3 0-0 7. 0-0 Bg4 8. h3 Bxf3 9. Qxf3 e6 10. b3 Re8 11. Bb2 Nbd7 12. Rac1 a5 13. a3 Qb6 14. Qd1 dxc4 15. Bxc4 Rad8 16. Na4 Qa7 17. Bd3 e5 18. Qc2 Nd5 19. Rfd1 exd4 20. exd4 Re7 21. Nc5 Rde8 22. Bc4 N7b6 23. Bf1 h5 24. Qd2 Nc8 25. b4 axb4 26. axb4 Qb6 27. Rb1 Nd6 28. Ba1 Nb5 29. Kh1 Kh7 30. Bxb5 Qxb5 31. Qd3 Qxd3 32. Nxd3 Re4 33. Nc5 R4e7 34. Nd3 Bh6 35. b5 Bg7 36. Nc5 cxb5 37. Rxb5 b6 38. Nd3 Rd8 39. Rbb1 Red7 40. Ne1 Nf4 41. Nf3 Ne6 42. d5 Rxd5 43. Rxd5 Rxd5 44. Bxg7 Kxg7 45. Rxb6 g5 46. Rb7 g4 47. hxg4 hxg4 48. Nh4 Rd2 49. Kg1 Kf6 50. f3 g3 51. Kf1 Rf2+ 52. Ke1 Nf4 53. Rb6+ Ke7 54. Rb4 Nd3+ 0-1

[Event "Titled Tuesday intern op 21st Jun Late"]
[Site "Chess.com INT"]
[Date "2022.06.21"]
[Round "5"]
[White "Vidonyak, Roman"]
[Black "Desideri, Ricardo Maruchi"]
[Result "1-0"]
[WhiteElo "2442"]
[BlackElo "1939"]
[PlyCount "103"]
[EventDate "2022.06.21"]
[EventType "swiss (blitz)"]
[EventRounds "11"]
[EventCountry "USA"]
[SourceTitle "EXT 2023"]
[Source "ChessBase"]
[SourceDate "2022.10.05"]
[SourceVersion "1"]
[SourceVersionDate "2022.10.05"]
[SourceQuality "1"]

1. d4 Nf6 2. c4 c5 3. d5 e6 4. Nc3 exd5 5. cxd5 d6 6. e4 g6 7. f4 Bg7 8. Bb5+ Nfd7 9. Be2 0-0 10. Nf3 Re8 11. 0-0 Nf6 12. e5 dxe5 13. fxe5 Ng4 14. Bg5 Qb6 15. d6 c4+ 16. Kh1 Be6 17. Qa4 Nd7 18. Bxc4 Nf2+ 19. Rxf2 Bxc4 20. Rd2 Be6 21. Re1 Rac8 22. Nd4 Rc4 23. Qa3 Rxd4 24. Be3 Bxe5 25. Bxd4 Bxd4 26. Na4 Qa5 27. b4 Qd5 28. Red1 Bg4 29. Qd3 Bxd1 30. Rxd1 Re3 31. Qd2 Qe5 32. h3 Bb6 33. Nb2 Nf6 34. Nc4 Qe4 35. Nxe3 Bxe3 36. d7 Nxd7 37. Qxd7 Kg7 38. Qd3 Qf4 39. Qc3+ Kh6 40. Qd3 Bb6 41. Rf1 Qe5 42. Qd2+ Kg7 43. Qf4 Qc3 44. Qxf7+ Kh6 45. Qf8+ Kh5 46. g4+ Kh4 47. Qf3 Qxf3+ 48. Rxf3 a6 49. Kg2 h6 50. Rf6 h5 51. Rxb6 hxg4 52. hxg4 1-0

[Event "Titled Tuesday intern op 21st Jun Early"]
[Site "Chess.com INT"]
[Date "2022.06.21"]
[Round "10"]
[White "Vidonyak, Roman"]
[Black "Hansen, Eric"]
[Result "0-1"]
[WhiteElo "2442"]
[BlackElo "2606"]
[PlyCount "34"]
[EventDate "2022.06.21"]
[EventType "swiss (blitz)"]
[EventRounds "11"]
[EventCountry "USA"]
[SourceTitle "EXT 2023"]
[Source "ChessBase"]
[SourceDate "2022.10.05"]
[SourceVersion "1"]
[SourceVersionDate "2022.10.05"]
[SourceQuality "1"]

1. d4 Nf6 2. c4 e6 3. Nc3 Bb4 4. e3 0-0 5. Bd2 b6 6. Nf3 Bb7 7. Bd3 d5 8. cxd5 exd5 9. Rc1 a6 10. 0-0 Re8 11. Ne5 Bd6 12. f4 c5 13. Be1 cxd4 14. exd4 Ne4 15. Nxe4 dxe4 16. Qb3 Bxe5 17. fxe5 Qxd4+ 0-1

[Event "Titled Tuesday intern op 21st Jun Late"]
[Site "Chess.com INT"]
[Date "2022.06.21"]
[Round "2"]
[White "Vidonyak, Roman"]
[Black "Luo, Terry"]
[Result "0-1"]
[WhiteElo "2442"]
[BlackElo "2168"]
[PlyCount "68"]
[EventDate "2022.06.21"]
[EventType "swiss (blitz)"]
[EventRounds "11"]
[EventCountry "USA"]
[SourceTitle "EXT 2023"]
[Source "ChessBase"]
[SourceDate "2022.10.05"]
[SourceVersion "1"]
[SourceVersionDate "2022.10.05"]
[SourceQuality "1"]

1. d4 Nf6 2. c4 e6 3. Nc3 d5 4. cxd5 exd5 5. Bg5 Be6 6. e3 c6 7. Bd3 Bd6 8. Qc2 Nbd7 9. Nf3 a6 10. 0-0 Qc7 11. Rfb1 h6 12. Bh4 0-0 13. b4 Nh5 14. a4 Ndf6 15. b5 cxb5 16. axb5 Rfc8 17. Rc1 a5 18. Qb3 Ne4 19. b6 Qb8 20. Nb5 Rxc1+ 21. Rxc1 a4 22. Qb1 a3 23. Qa2 g5 24. Nxd6 Qxd6 25. Bg3 Nhxg3 26. hxg3 Qxb6 27. Rb1 Qc7 28. Bxe4 dxe4 29. d5 exf3 30. dxe6 fxe6 31. Qxe6+ Qf7 32. Qxf7+ Kxf7 33. Rxb7+ Ke6 34. gxf3 a2 0-1

[Event "Titled Tuesday intern op 21st Jun Early"]
[Site "Chess.com INT"]
[Date "2022.06.21"]
[Round "6"]
[White "Vidonyak, Roman"]
[Black "Winkels, Marcel"]
[Result "1-0"]
[WhiteElo "2442"]
[BlackElo "1940"]
[PlyCount "47"]
[EventDate "2022.06.21"]
[EventType "swiss (blitz)"]
[EventRounds "11"]
[EventCountry "USA"]
[SourceTitle "EXT 2023"]
[Source "ChessBase"]
[SourceDate "2022.10.05"]
[SourceVersion "1"]
[SourceVersionDate "2022.10.05"]
[SourceQuality "1"]

1. d4 f5 2. c4 Nf6 3. g3 g6 4. Bg2 Bg7 5. Nf3 d6 6. 0-0 0-0 7. Nc3 Qe8 8. b4 e5 9. dxe5 dxe5 10. e4 c6 11. Qb3 f4 12. Ba3 h6 13. b5 Rf7 14. Rfd1 g5 15. Bd6 Nbd7 16. c5 g4 17. Nh4 Nf8 18. Nf5 Bxf5 19. exf5 Kh7 20. Re1 f3 21. Bf1 N6d7 22. Bc4 Rxf5 23. Bd3 Qf7 24. Qxf7 1-0

[Event "Titled Tuesday intern op 21st Jun Early"]
[Site "Chess.com INT"]
[Date "2022.06.21"]
[Round "4"]
[White "Zaloznyy, Mike"]
[Black "Vidonyak, Roman"]
[Result "1-0"]
[WhiteElo "2149"]
[BlackElo "2442"]
[PlyCount "43"]
[EventDate "2022.06.21"]
[EventType "swiss (blitz)"]
[EventRounds "11"]
[EventCountry "USA"]
[SourceTitle "EXT 2023"]
[Source "ChessBase"]
[SourceDate "2022.10.05"]
[SourceVersion "1"]
[SourceVersionDate "2022.10.05"]
[SourceQuality "1"]

1. Nf3 Nf6 2. e3 g6 3. b3 Bg7 4. Bb2 d5 5. d4 0-0 6. c4 c5 7. dxc5 Qa5+ 8. Nbd2 Qxc5 9. Rc1 Nc6 10. cxd5 Qxd5 11. Bc4 Qd6 12. 0-0 Bg4 13. Qc2 Rfd8 14. Rfd1 Qc7 15. h3 Bf5 16. e4 Nb4 17. Bxf7+ Kxf7 18. Qxc7 Rac8 19. Qxb7 Rxc1 20. Bxc1 Bxe4 21. Ng5+ Kg8 22. Ngxe4 1-0